| 000 | 01429nam a2200313 a 4500 | ||
|---|---|---|---|
| 001 | BRCA_3113 | ||
| 005 | 20190320204122.0 | ||
| 008 | 290109s1850----fr-a---###---#000-0#fre-u | ||
| 041 | _afre | ||
| 084 |
_a420 _b.M374 _c1850 |
||
| 100 | 1 |
_aCervantes Saavedra, Miguel de _d1547-1616 _9213 |
|
| 245 | 1 | 0 |
_aHistoire de Don Quichotte de la Manche _cMichel de Cervantes. |
| 260 |
_aParís _bMarescq _c1850 |
||
| 300 |
_a379 p. _bil. _c25 cm. |
||
| 500 | _aContenido : Primera parte. Prólogo del autor. Texto abreviado. Segunda parte. Texto | ||
| 500 | _aEdición : Traduite de l´Espagnol de Michel de Cervantes par Filleau de Saint-Martin. Ornée de gravures | ||
| 500 | _aReproducción de la edición de F. Béchet, publicada en 1847, con la misma traducción de Filleau de Saint-Martin, sin la continuación de este último. Rústica Lúdovik Osterc | ||
| 500 | _aEstado físico : El ejemplar descrito presenta la encuadernación en papel maltratado | ||
| 500 | _aQM347 | ||
| 546 | _aTexto en : francés | ||
| 650 | 1 | 4 |
_aNovela española _yÉpoca clásica, 1500-1700 _9215 |
| 650 | 1 | 4 |
_aLiteratura española _yÉpoca clásica, 1500-1700 _9216 |
| 650 | 1 | 4 |
_aNovela española _ySiglo XVII _9217 |
| 650 | 1 | 4 |
_aDon Quijote (Personaje ficticio) _eNovela _9218 |
| 700 | 1 |
_aFlorian, Jean=Pierre Claris de _d1755-1794 _eTraductor _98467 |
|
| 740 | 0 | _aEl Ingenioso Hidalgo Don Quijote de la Mancha | |
| 902 | _aQFM | ||
| 942 |
_2lcc _cB |
||
| 999 |
_c2849 _d2849 |
||